| 000 | 01682nam0a2200385 4500 | ||
|---|---|---|---|
| 001 | RU\NLR\bibl\464974 | ||
| 005 | 20250623184914.0 | ||
| 010 |
_a5-93416-001-х _91100 |
||
| 021 |
_aRU _b2003-55643 _92706 |
||
| 035 | _a(NLR Aleph) 000458340 | ||
| 090 |
_a917846 _c917846 |
||
| 100 | _a20031126d2003 |||y0rusy50 ca | ||
| 101 | 0 | _arus | |
| 102 |
_aRU _aDK |
||
| 105 | _aab ||||||||| | ||
| 200 | 1 |
_aМаляриология _dMalariology _e[Рук. для специалистов] _fА.Я. Лысенко, А.В. Кондрашин, М.Н. Ежов |
|
| 205 | _a2-е изд. | ||
| 210 |
_aМ. _cОткрытые системы _aКопенгаген _cВОЗ, Европ. регион. бюро _d2003 |
||
| 215 |
_a510, [1] с., [6] л. цв. ил., карт. _cил., карт. _d22 |
||
| 300 | _aАвт. также на англ. яз.: A.Ya. Lysenko, A.V. Kondrachin, M.N. Ejov | ||
| 320 | _aБиблиогр.: с. 486-492 | ||
| 320 | _aПредм. указ.: с. 493-508 | ||
| 320 | _aУказ. лат. терминов.: с. 509-510 | ||
| 510 | 0 |
_aMalariology _zeng |
|
| 606 | 0 |
_aМалярия _jРуководства, пособия и т.п. _91104501 _3RU\NLR\auth\66115697 |
|
| 686 | _aР514.48я7 | ||
| 686 | _aР194.48я7 | ||
| 700 | 1 |
_aЛысенко _bА. Я. _gАндрей Яковлевич _4070 |
|
| 701 | 1 |
_aКондрашин _bА. В. _gАнатолий Викторович _4070 |
|
| 701 | 1 |
_aЕжов _bМ. Н. _gМихаил Николаевич _4070 |
|
| 801 | 0 |
_aRU _bNLR _c20031126 _gPSBO |
|
| 801 | 1 |
_aRU _bNLR _c20031126 |
|
| 942 | _cBOOK | ||
| 980 | _aNB | ||